Rudiments of biology : (Record no. 37825)

MARC details
000 -LEADER
fixed length control field 00782nam a22002177a 4500
005 - DATE AND TIME OF LATEST TRANSACTION
control field 20100727102316.0
010 ## - LCCN (DPL NO)
LC control number ENG-96834
020 ## - INTERNATIONAL STANDARD BOOK NUMBER
International Standard Book Number 9789380599090
Terms of availability 425.00
035 ## - SYSTEM CONTROL NUMBER
System control number EN-80367
037 ## - SOURCE OF ACQUISITION
Source of stock number/acquisition DBAD/PUB
082 ## - DEWEY DECIMAL CLASSIFICATION NUMBER
Classification number 570
100 ## - MAIN ENTRY--PERSONAL NAME
Personal name Chaudhuri, Alok Ghosh
245 ## - TITLE STATEMENT
Title Rudiments of biology :
Remainder of title MCO & short questions for WBJEE /
Statement of responsibility, etc by Alok Ghosh Chaudhuri, Anuradha Goswami [and] Sujit Pal
260 ## - PUBLICATION, DISTRIBUTION, ETC. (IMPRINT)
Place of publication, distribution, etc Kolkata
Name of publisher, distributor, etc Academic publishers
Date of publication, distribution, etc 2010
270 ## - ADDRESS
Address 5A Bhawani Dutta Lane,
Postal code 700073
City Kolkata
300 ## - PHYSICAL DESCRIPTION
Extent viii,872 p.
Dimensions 24 cm (pbk)
700 ## - ADDED ENTRY--PERSONAL NAME
Personal name Goswami, Anuradha
9 (RLIN) 1597
700 ## - ADDED ENTRY--PERSONAL NAME
Personal name Pal, Sujit
9 (RLIN) 1598
942 ## - ADDED ENTRY ELEMENTS (KOHA)
Source of classification or shelving scheme Dewey Decimal Classification
Item type English Books
Classification part 570
Call number suffix CHA
Holdings
Withdrawn status Lost status Not for loan Collection code Home library Current library Date acquired Source of acquisition Cost, normal purchase price Full call number Barcode Copy number Cost, replacement price Koha item type
    Not For Loan Non-fiction D.B.Act.Division D.B.Act.Division 27/07/2010 DBAD/PUB 425.00 570 CHA EN-80367 1 425.00 English Books

© Delhi Public Library
Hit Counter
free hit counter